00555nam a2200157Ia 4500008004100000100001500041245008300056245001500139260005300154260001400207300000800221650001500229856006100244999001900305952007300324170221s9999 xx 000 0 und d aNaima Bibi aRole of Gender Diversity in Organizational Effectiveness and its Implications  cNaima Bibi bInternational Review of Management and Marketing cJune 2013 a5:1 xMarketing. uhttp://www.econjournals.com/index.php/irmm/issue/view/77 c310349d310349 001040aCLbCLd2017-02-21l0r2017-02-21 00:00:00w2017-02-21yFOJ